Statistics for Nascar Cup Series Drivers with 50 or More Wins

Click here to take the quiz!

General Stats

  • This quiz has been taken 2 times
  • The average score is 7 of 12

Answer Stats

HintAnswer% Correct
84Bobby Allison
100%
76Dale Earnhardt
100%
89Jeff Gordon
100%
200Richard Petty
100%
84Darryl Waltrip
50%
105David Pearson
50%
69Jimmie Johnson
50%
50Junior Johnson
50%
54Lee Petty
50%
83Cale Yarborough
0%
50Ned Jarrett
0%
55Rusty Wallace
0%

Score Distribution

Percentile by Number Answered

Percent of People with Each Score

Your Score History

You have not taken this quiz